| 000 | 00351 a2200121 4500 | ||
|---|---|---|---|
| 001 | ART_6213 | ||
| 005 | 20260410161825.0 | ||
| 008 | 260409a | ||
| 245 | 1 | 0 | _aLa inmigración italiana a Mar del Plata |
| 100 | 1 | _aKhatchikian, Miguel | |
| 700 | 1 | _aMurray, María Cristina | |
| 773 | 0 |
_tFACES _g- Año 2, Nº 3 (dic. 1996) _wREV5046 |
|
| 999 |
_c22719 _d22719 |
||